| 000 | 00348nam a2200133Ia 4500 | ||
|---|---|---|---|
| 008 | 240624s9999 xx 000 0 und d | ||
| 041 | _aeng | ||
| 082 | _a158.72 GRY | ||
| 100 | _aGRYNA FRANK M | ||
| 245 | _aWORK OVERLOAD REDESIGNING JOBS TO MINIMI | ||
| 260 |
_c2005 _aNew Delhi _bPearson Power |
||
| 300 | _axv, : 216 : p. : cm. ; 23 | ||
| 365 | _cRS | ||
| 999 |
_c3163 _d3163 |
||